书目信息 |
| 题名: |
我的前半生:灰皮本
|
|
| 作者: | 爱新觉罗·溥仪 | |
| 分册: | ||
| 出版信息: | 北京 群众出版社 2011.01 |
|
| 页数: | ||
| 开本: | ||
| 丛书名: | ||
| 单 册: | ||
| 中图分类: | K827=72 | |
| 科图分类: | ||
| 主题词: | 人物--传记--中国 | |
| 电子资源: | ||
| ISBN: | 7-5014-4816-7 | |
| 000 | 00578nam0 2200181 450 | |
| 001 | 2432681960 | |
| 005 | 20241011090839.00 | |
| 010 | @a7-5014-4816-7@dCNY88.00 | |
| 100 | @a20241011d2011 km y0chiy0120 ea | |
| 101 | 0 | @achi |
| 102 | @aCN@b110000 | |
| 200 | 1 | @a我的前半生:灰皮本@AWo De Qian Ban Sheng:Hui Pi Ben@f爱新觉罗·溥仪@FAi Xin Jue Luo·Pu Yi |
| 210 | @a北京@c群众出版社@d2011.01 | |
| 606 | 0 | @a人物@x传记@x中国 |
| 690 | @aK827=72@v4 | |
| 701 | 0 | @a爱新觉罗·溥仪@AAi Xin Jue Luo·Pu Yi |
| 801 | 0 | @aCN@b大连网信软件有限公司图书馆·11@c20241011 |
| 905 | @aZUCC@dK827=72@e1112 | |
| 我的前半生:灰皮本/爱新觉罗·溥仪.-北京:群众出版社,2011.01 |
| ISBN 7-5014-4816-7:CNY88.00 |
| ● |
| 相关链接 |
|
|
|
|
正题名:我的前半生:灰皮本
索取号:K827=72/1112
 
预约/预借
| 序号 | 登录号 | 条形码 | 馆藏地/架位号 | 状态 | 备注 |
| 1 | 1054439 | 210544393 | 第二样本阅览室/ [索取号:K827=72/1112] | 在馆 |